[Event "Ricany op"]
[Site "Ricany"]
[Date "2015.08.23"]
[Round "3"]
[White "Kubikova, Hana"]
[Black "Skubal, Ondrej"]
[Result "1/2-1/2"]
[WhiteElo "2107"]
[BlackElo "1725"]
[PlyCount "48"]
[EventDate "2015.08.22"]
[EventType "swiss"]
[EventRounds "9"]
[EventCountry "CZE"]
[SourceTitle "EXT 2023"]
[Source "ChessBase"]
[SourceDate "2022.10.05"]
[SourceVersion "1"]
[SourceVersionDate "2022.10.05"]
[SourceQuality "1"]

1. d4 Nf6 2. c4 g6 3. Nc3 Bg7 4. e4 d6 5. f4 c5 6. d5 0-0 7. Nf3 e6 8. Be2 exd5 9. cxd5 Re8 10. e5 dxe5 11. fxe5 Ng4 12. Bg5 Qa5 13. 0-0 Nxe5 14. d6 Be6 15. Nd5 Bxd5 16. Qxd5 Nbd7 17. Nxe5 Rxe5 18. Qxf7+ Kh8 19. Qxd7 Rxg5 20. Rf7 Qd2 21. Bf3 Rf8 22. Rxf8+ Bxf8 23. Qd8 Rf5 24. Rd1 Qe3+ 1/2-1/2

[Event "CZE-chT U20 Extraliga final-B 1415"]
[Site "Czech Republic"]
[Date "2015.04.25"]
[Round "9.1"]
[White "Fuskova, Martina"]
[Black "Skubal, Ondrej"]
[Result "1-0"]
[WhiteElo "2024"]
[BlackElo "1691"]
[PlyCount "57"]
[EventDate "2014.10.11"]
[EventType "team-tourn"]
[EventRounds "11"]
[EventCountry "CZE"]
[SourceTitle "EXT 2021"]
[Source "ChessBase"]
[SourceDate "2020.10.23"]
[SourceVersion "1"]
[SourceVersionDate "2020.10.23"]
[SourceQuality "1"]
[WhiteTeam "Frydek Mistek (U20)"]
[BlackTeam "Bustehrad (U20)"]
[WhiteTeamCountry "CZE"]
[BlackTeamCountry "CZE"]

1. e4 c5 2. Nf3 Nc6 3. d4 cxd4 4. Nxd4 g6 5. Be3 Bg7 6. Nc3 Nf6 7. Bc4 0-0 8. Bb3 a5 9. f3 d5 10. Nxd5 Nxd5 11. exd5 Nb4 12. c4 Bd7 13. a3 Na6 14. 0-0 Nc5 15. Ba2 a4 16. Qd2 Rc8 17. Rac1 e6 18. b4 axb3 19. Nxb3 Nxb3 20. Bxb3 exd5 21. cxd5 Qf6 22. Rfd1 Qb2 23. Qb4 Bf5 24. d6 Rfe8 25. Rxc8 Rxc8 26. d7 Rd8 27. Qe7 Qxb3 28. Qxd8+ Bf8 29. Qxf8+ 1-0

[Event "Kouty nad Desnou op-B"]
[Site "Kouty nad Desnou"]
[Date "2015.03.12"]
[Round "7"]
[White "Kocandova, Martina"]
[Black "Skubal, Ondrej"]
[Result "1-0"]
[WhiteElo "1775"]
[BlackElo "1691"]
[PlyCount "81"]
[EventDate "2015.03.07"]
[EventType "swiss"]
[EventRounds "9"]
[EventCountry "CZE"]
[SourceTitle "EXT 2017"]
[Source "ChessBase"]
[SourceDate "2016.10.25"]
[SourceVersion "1"]
[SourceVersionDate "2016.10.25"]
[SourceQuality "1"]

1. e4 c5 2. Nf3 Nc6 3. d4 cxd4 4. Nxd4 g6 5. Nc3 Bg7 6. Be3 Nf6 7. Be2 0-0 8. Bf3 Ne5 9. Be2 d6 10. h3 Bd7 11. f4 Nc6 12. Nb3 a5 13. a4 Nb4 14. Bf3 Bc6 15. Nd4 Nd7 16. g4 Nb6 17. b3 Rc8 18. Qd2 Qc7 19. Rc1 Nd7 20. h4 Nf6 21. h5 Bd7 22. Ncb5 Bxb5 23. Nxb5 Qd7 24. f5 gxh5 25. gxh5 h6 26. Rg1 Qc6 27. Qg2 Ne8 28. Bxh6 Nxc2+ 29. Kd1 Kh7 30. Bf4 Rg8 31. Rxc2 Qd7 32. Rxc8 Qxc8 33. h6 Qc5 34. hxg7 Rxg7 35. Qh2+ Kg8 36. Rxg7+ Nxg7 37. Qg2 Qb4 38. Qc2 Nxf5 39. Qc8+ Kg7 40. Qxf5 Qxb3+ 41. Ke2 1-0

[Event "Kouty nad Desnou op-B"]
[Site "Kouty nad Desnou"]
[Date "2015.03.10"]
[Round "4"]
[White "Skubal, Ondrej"]
[Black "Haderka, Karel"]
[Result "1-0"]
[WhiteElo "1691"]
[BlackElo "1822"]
[PlyCount "87"]
[EventDate "2015.03.07"]
[EventType "swiss"]
[EventRounds "9"]
[EventCountry "CZE"]
[SourceTitle "EXT 2017"]
[Source "ChessBase"]
[SourceDate "2016.10.25"]
[SourceVersion "1"]
[SourceVersionDate "2016.10.25"]
[SourceQuality "1"]

1. e4 g6 2. d4 Bg7 3. Be3 c5 4. Ne2 Nf6 5. f3 cxd4 6. Nxd4 0-0 7. Bc4 Nc6 8. Qd2 Ne5 9. Bb3 d5 10. exd5 Nxd5 11. Bxd5 Qxd5 12. Nc3 Qc4 13. b3 Qc7 14. Rd1 Bd7 15. Nd5 Qd6 16. c4 Bc6 17. Nb4 Rfd8 18. Ndxc6 Qxd2+ 19. Rxd2 bxc6 20. Ke2 a5 21. Rxd8+ Rxd8 22. Nc2 a4 23. Rd1 Rb8 24. Nd4 axb3 25. axb3 Rc8 26. h3 g5 27. Bxg5 Ng6 28. Nf5 Bc3 29. Kd3 Rd8+ 30. Kc2 Rxd1 31. Kxd1 e6 32. Ne7+ Nxe7 33. Bxe7 f5 34. Kc2 Be5 35. b4 Kf7 36. Bc5 Ke8 37. Kd3 Kd7 38. g4 Bf4 39. gxf5 exf5 40. Bd4 Bd6 41. b5 cxb5 42. cxb5 Kc7 43. Kc4 Kb7 44. Kd5 1-0

[Event "Kouty nad Desnou op-B"]
[Site "Kouty nad Desnou"]
[Date "2015.03.08"]
[Round "2"]
[White "Skubal, Ondrej"]
[Black "Gzib, David"]
[Result "1-0"]
[WhiteElo "1691"]
[BlackElo "1558"]
[PlyCount "101"]
[EventDate "2015.03.07"]
[EventType "swiss"]
[EventRounds "9"]
[EventCountry "CZE"]
[SourceTitle "EXT 2017"]
[Source "ChessBase"]
[SourceDate "2016.10.25"]
[SourceVersion "1"]
[SourceVersionDate "2016.10.25"]
[SourceQuality "1"]

1. e4 c6 2. d4 d5 3. Nc3 dxe4 4. Nxe4 Bf5 5. Ng3 Bg6 6. h4 h6 7. Nf3 Nd7 8. Bd3 Bxd3 9. Qxd3 Ngf6 10. Bd2 Qc7 11. 0-0-0 0-0-0 12. Qe2 e6 13. Ne5 Nxe5 14. dxe5 Nd5 15. f4 Kb8 16. c4 Ne7 17. Be3 Rxd1+ 18. Rxd1 Nf5 19. Nxf5 exf5 20. Qd3 g6 21. e6 fxe6 22. Qd4 Bg7 23. Qxa7+ Kc8 24. Qa8+ Qb8 25. Qxb8+ Kxb8 26. Rd6 Re8 27. Bb6 Kc8 28. c5 Bf6 29. g3 Bg7 30. a4 Bf8 31. Rd3 Be7 32. b4 Bf6 33. Rd6 Bc3 34. b5 cxb5 35. axb5 Bb4 36. Rd4 Be1 37. Rd3 Bf2 38. Kd2 h5 39. Ke2 Bg1 40. Kf1 Bxc5 41. Bxc5 Kc7 42. Rd6 Re7 43. b6+ Kc8 44. Rc6+ bxc6 45. Bxe7 Kb7 46. Bc5 Kc8 47. Ke2 Kb7 48. Kd3 Kc8 49. Kd4 Kd7 50. Ke5 g5 51. hxg5 1-0

[Event "Kouty nad Desnou op-B"]
[Site "Kouty nad Desnou"]
[Date "2015.03.07"]
[Round "1"]
[White "Jirousek, Tadeas"]
[Black "Skubal, Ondrej"]
[Result "0-1"]
[WhiteElo "1377"]
[BlackElo "1691"]
[PlyCount "74"]
[EventDate "2015.03.07"]
[EventType "swiss"]
[EventRounds "9"]
[EventCountry "CZE"]
[SourceTitle "EXT 2017"]
[Source "ChessBase"]
[SourceDate "2016.10.25"]
[SourceVersion "1"]
[SourceVersionDate "2016.10.25"]
[SourceQuality "1"]

1. e4 c5 2. c4 g6 3. g3 Bg7 4. Bg2 Nc6 5. Ne2 d6 6. d3 Nf6 7. Nbc3 0-0 8. 0-0 Rb8 9. f4 Bd7 10. h3 a6 11. Be3 b5 12. Rb1 b4 13. Nd5 Qa5 14. Qb3 Nxd5 15. exd5 Nd4 16. Bxd4 Ba4 17. Bxg7 Kxg7 18. Ra1 Bxb3 19. axb3 Qb6 20. g4 Rbe8 21. Ng3 e6 22. dxe6 Rxe6 23. Be4 a5 24. f5 Re5 25. fxg6 fxg6 26. Bd5 Rxd5 27. cxd5 Qb7 28. Rxa5 Rxf1+ 29. Kxf1 Qxd5 30. Ra7+ Kg8 31. Kf2 Qd4+ 32. Ke2 Qxb2+ 33. Kf3 Qf6+ 34. Ke3 Qd4+ 35. Ke2 d5 36. Ra8+ Kg7 37. Ra7+ Kh6 0-1

[Event "CZE-chT U20 Extraliga West 1415"]
[Site "Czech Republic"]
[Date "2014.12.06"]
[Round "5.1"]
[White "Vykouk, Jan"]
[Black "Skubal, Ondrej"]
[Result "1-0"]
[WhiteElo "2238"]
[BlackElo "1691"]
[PlyCount "81"]
[EventDate "2014.10.11"]
[EventType "team-tourn"]
[EventRounds "11"]
[EventCountry "CZE"]
[SourceTitle "EXT 2021"]
[Source "ChessBase"]
[SourceDate "2020.10.23"]
[SourceVersion "1"]
[SourceVersionDate "2020.10.23"]
[SourceQuality "1"]
[WhiteTeam "Most Chess (U20)"]
[BlackTeam "Bustehrad (U20)"]
[WhiteTeamCountry "CZE"]
[BlackTeamCountry "CZE"]

1. e4 c5 2. Nf3 Nc6 3. Nc3 d6 4. d4 cxd4 5. Nxd4 e5 6. Nf5 Nf6 7. Bg5 Bxf5 8. exf5 a6 9. Bc4 Be7 10. Bxf6 Bxf6 11. 0-0 0-0 12. Nd5 Bg5 13. c3 Ne7 14. Qf3 Nxd5 15. Bxd5 Qb6 16. b3 Rab8 17. g3 Bf6 18. Rad1 Rfc8 19. Qh5 Qc7 20. h4 Qe7 21. c4 b5 22. Rfe1 a5 23. cxb5 Rxb5 24. Bc4 Rb6 25. a4 Rbc6 26. Rd5 Rc5 27. Red1 Rxd5 28. Rxd5 Rc5 29. Qd1 Rxd5 30. Qxd5 Qc7 31. Qa8+ Bd8 32. g4 g6 33. f6 Qd7 34. f3 h5 35. g5 Qc7 36. Kg2 Qd7 37. Qe4 Kf8 38. Bb5 Qc7 39. f4 Kg8 40. Bc4 Qd7 41. Qxg6+ 1-0

[Event "Czech Fed-ch U16"]
[Site "Hrdonov"]
[Date "2013.10.27"]
[Round "2"]
[White "Skubal, Ondrej"]
[Black "Pychova, Nela"]
[Result "0-1"]
[WhiteElo "1705"]
[BlackElo "1970"]
[PlyCount "64"]
[EventDate "2013.10.26"]
[EventType "swiss"]
[EventRounds "9"]
[EventCountry "CZE"]
[SourceTitle "EXT 2016"]
[Source "ChessBase"]
[SourceDate "2015.10.08"]
[SourceVersion "1"]
[SourceVersionDate "2015.10.08"]
[SourceQuality "1"]

1. e4 c5 2. Nf3 d6 3. d4 cxd4 4. Nxd4 Nf6 5. Nc3 g6 6. Be3 Bg7 7. f3 0-0 8. Qd2 Nc6 9. Bc4 Bd7 10. 0-0-0 Rc8 11. Bb3 Nxd4 12. Bxd4 b5 13. e5 dxe5 14. Bxe5 Bc6 15. Qe3 Qa5 16. Bxf6 Bxf6 17. Nd5 Bxd5 18. Rxd5 Rfd8 19. Rxd8+ Rxd8 20. h4 b4 21. f4 Qf5 22. Qf3 h5 23. g3 a5 24. Rd1 Rxd1+ 25. Qxd1 Qb5 26. Qf3 Kg7 27. Bd5 e6 28. Be4 Qc5 29. Qd3 Qg1+ 30. Kd2 Bxb2 31. Qb5 Qf2+ 32. Kd1 Bc3 0-1

[Event "Mlada Boleslav Region-ch U20"]
[Site "Mlada Boleslav"]
[Date "2013.06.23"]
[Round "5"]
[White "Smolik, Ales"]
[Black "Skubal, Ondrej"]
[Result "0-1"]
[WhiteElo "1472"]
[BlackElo "1705"]
[PlyCount "26"]
[EventDate "2013.06.22"]
[EventType "swiss"]
[EventRounds "7"]
[EventCountry "CZE"]
[SourceTitle "EXT 2015"]
[Source "ChessBase"]
[SourceDate "2014.11.20"]
[SourceVersion "1"]
[SourceVersionDate "2014.11.20"]
[SourceQuality "1"]

1. e4 c5 2. Nf3 Nc6 3. Bc4 e6 4. Nc3 a6 5. a3 b5 6. Ba2 d6 7. d4 cxd4 8. Nxd4 Bb7 9. 0-0 Nf6 10. Re1 Qc7 11. f4 Nxd4 12. Qxd4 d5 13. exd5 Bc5 0-1

[Event "Czech Fed-ch U16"]
[Site "Hrdonov"]
[Date "2012.10.23"]
[Round "4"]
[White "Sejak, Michal"]
[Black "Skubal, Ondrej"]
[Result "0-1"]
[WhiteElo "1650"]
[BlackElo "1725"]
[PlyCount "84"]
[EventDate "2012.10.20"]
[EventType "swiss"]
[EventRounds "9"]
[EventCountry "CZE"]
[SourceTitle "CBM 151 Extra"]
[Source "ChessBase"]
[SourceDate "2012.12.18"]
[SourceVersion "1"]
[SourceVersionDate "2012.12.18"]
[SourceQuality "1"]

1. e4 c5 2. Nf3 Nc6 3. d4 cxd4 4. Nxd4 Nf6 5. Nc3 e5 6. Nf3 Bb4 7. Bd3 Bxc3+ 8. bxc3 d6 9. Bg5 h6 10. Bxf6 Qxf6 11. 0-0 Bg4 12. Be2 0-0 13. Rb1 b6 14. Qd3 Rac8 15. Rfd1 Rfd8 16. Rb5 Be6 17. a3 Na5 18. Qe3 Qe7 19. Rb4 Rc5 20. Rb5 Rc6 21. Qd2 Qc7 22. Nxe5 Rxc3 23. Nc4 Rxc4 24. Bxc4 Nxc4 25. Qc3 Qc6 26. Rb4 a5 27. Rbb1 Qxe4 28. Re1 Qc6 29. Rbd1 Rc8 30. Rd4 Ne5 31. Qxc6 Rxc6 32. Red1 d5 33. R1d2 Rc3 34. a4 Nc4 35. Rd1 Rxc2 36. Ra1 Rd2 37. Rf4 d4 38. Kf1 d3 39. Rc1 Rc2 40. Rd1 Nb2 41. Rb1 d2 42. Rd4 Rc1+ 0-1

[Event "Czech Fed-ch U16"]
[Site "Hrdonov"]
[Date "2012.10.21"]
[Round "2"]
[White "Stranska, Kamila"]
[Black "Skubal, Ondrej"]
[Result "1/2-1/2"]
[WhiteElo "1627"]
[BlackElo "1725"]
[PlyCount "39"]
[EventDate "2012.10.20"]
[EventType "swiss"]
[EventRounds "9"]
[EventCountry "CZE"]
[SourceTitle "CBM 151 Extra"]
[Source "ChessBase"]
[SourceDate "2012.12.18"]
[SourceVersion "1"]
[SourceVersionDate "2012.12.18"]
[SourceQuality "1"]

1. d4 Nf6 2. c4 g6 3. Nc3 Bg7 4. e4 d6 5. f3 0-0 6. Be3 b6 7. Qd2 c5 8. d5 Nbd7 9. Bh6 a6 10. Bxg7 Kxg7 11. Nge2 Qc7 12. Ng3 Bb7 13. Be2 Rfb8 14. h4 h5 15. Nf1 Ne5 16. Ne3 Qd7 17. f4 Neg4 18. Nxg4 Nxg4 19. f5 Nf6 20. Qg5 1/2-1/2

[Event "Mlada Boleslav Region-ch U20"]
[Site "Mlada Boleslav"]
[Date "2012.06.24"]
[Round "6"]
[White "Skubal, Ondrej"]
[Black "Sefcik, Miroslav"]
[Result "1-0"]
[WhiteElo "1700"]
[BlackElo "1571"]
[PlyCount "59"]
[EventDate "2012.06.23"]
[EventType "swiss"]
[EventRounds "7"]
[EventCountry "CZE"]
[SourceTitle "EXT 2014"]
[Source "ChessBase"]
[SourceDate "2013.11.20"]
[SourceVersion "1"]
[SourceVersionDate "2013.11.20"]
[SourceQuality "1"]

1. e4 e5 2. f4 d6 3. Nf3 Nc6 4. Bb5 Bg4 5. h3 Bxf3 6. Qxf3 Nf6 7. Bxc6+ bxc6 8. d3 Be7 9. Nc3 Nd7 10. f5 Bg5 11. Bxg5 Qxg5 12. h4 Qf6 13. g4 h6 14. Qe3 g5 15. hxg5 hxg5 16. 0-0-0 Rxh1 17. Rxh1 Qg7 18. Rh5 f6 19. Ne2 Qf7 20. Kb1 Ke7 21. Qh3 Rg8 22. Rh6 Rg7 23. Ng3 Qf8 24. Rg6 Qf7 25. Rh6 Nf8 26. Nh5 Rh7 27. Rxh7 Qxh7 28. Qe3 d5 29. exd5 cxd5 30. Qc5+ 1-0